[Event "Condigne Dutch Open 2018"]
[Site "Dieren"]
[Date "2018.07.24"]
[Round "1"]
[White "Van den Doel, Erik"]
[Black "De Boer, Eelke"]
[Result "1-0"]
[WhiteElo "2593"]
[BlackElo "2317"]
[Annotator "TA"]
[PlyCount "129"]
[EventDate "2018.07.24"]
[EventType "swiss"]
[EventCountry "NED"]
[SourceTitle "playchess.com"]
[Source "ChessBase"]
[SourceQuality "1"]

{[%evp 13,129,0,13,0,0,-29,-33,-16,7,2,8,-91,-85,-82,-94,-97,-96,-218,-96,-90,-77,-118,-37,-56,-16,-43,10,-137,-47,-85,-5,-18,0,-89,0,0,49,43,168,139,199,120,113,115,172,204,159,165,194,0,135,108,219,235,6814,6806,3625,2615,29992,824,749,643,618,630,1149,1120,1175,315,310,322,319,321,314,308,316,296,310,309,297,270,290,289,261,225,244,244,248,245,216,166,165,152,215,216,216,208,337,337,328,323,301,287,363,358,342,324,308,306,12849,12849,12850,296,12845,12835,12845,12840,12842,12841]} 1. e4 c5 2. Nc3 d6 3. d4 cxd4 4. Qxd4 Nc6 5. Bb5 (5. Qd2 g6 6. b3 Bg7 7. Bb2 Nf6 8. O-O-O O-O 9. Kb1 Qa5 10. Nge2 e5 11. f3 {½-½ (41) Nakamura,H (2769)-Vachier Lagrave,M (2789) Stavanger 2018}) 5... Bd7 6. Bxc6 {B23: Closed Sicilian: Lines without g3} Bxc6 7. Nge2 e6 {LiveBook: 3 Games} 8. f3 $146 {The position is equal.} ({Predecessor:} 8. Qd3 Nf6 9. Bg5 Be7 10. O-O-O Qb6 11. Nd4 Rc8 {0-1 (34) Piscopo,P (2373)-Markos,J (2596) Rogaska Slatina 2011}) 8... Nf6 9. Be3 Be7 10. O-O-O Qa5 11. g4 O-O $1 12. Ng3 (12. Qd2 $11) 12... Rfc8 13. Kb1 b5 14. g5 Nd7 15. a3 (15. b3 $17) 15... Ne5 (15... Qc7 $1 $19 {has better winning chances.} 16. Nce2 a5) 16. f4 $17 Nc4 $1 (16... Nf3 $6 17. Qd3 $11) 17. Bc1 (17. Nh5 $2 e5 $19) 17... Bd7 (17... b4 $17 18. Nh5 Nxa3+ $1 {[%mdl 512]} 19. bxa3 e5 20. fxe5 (20. Qxb4 $2 Rab8 $19) 20... dxe5) 18. Na2 $1 $15 Bf8 19. h4 Qc7 (19... Qa4 $15) 20. Qd3 {[#]} (20. g6 $1 $11 {keeps the balance.}) 20... a5 ({Black should play} 20... b4 $1 $17 {[%mdl 512]} 21. Nxb4 (21. axb4 $2 Bb5 $17) 21... a5) 21. b3 Nb6 ({Better is} 21... Rab8 $1 $17 {Black wants to play ...Qc5.} 22. h5 Qc5) 22. h5 $11 b4 $1 23. f5 (23. h6 $11 g6 24. a4) 23... a4 (23... bxa3 $1 $17 24. g6 a4) 24. g6 $1 axb3 25. cxb3 h6 ({Black should try} 25... bxa3 $14 26. gxf7+ Kxf7) 26. gxf7+ $18 Kxf7 27. e5 $36 {[%mdl 2048] Black is under strong pressure.} (27. Nxb4 $18 e5 28. Bb2) 27... Kg8 $16 (27... bxa3 $2 28. fxe6+ (28. exd6 Bxd6 29. fxe6+ Bxe6 $18) 28... Bxe6 29. exd6 $18) 28. exd6 Qa7 (28... Qc5 $16 {might work better.}) 29. f6 $1 $18 (29. Nxb4 $2 Rxc1+ $1 {[%mdl 512]} 30. Rxc1 Qxa3 $19) 29... Rxc1+ 30. Rxc1 {Strongly threatening Rc7.} (30. Nxc1 Qxa3 31. Qd4 gxf6 $11) 30... Qxa3 {[%csl Ga8][%cal Ra3a2]} 31. Rc2 $2 (31. f7+ Kxf7 32. Rh2 Kg8 $14) (31. Rh2 $1 $18) 31... Nd5 {[#]} (31... Ba4 $11 32. Rb2 (32. f7+ Kh8 $14) 32... Kh8) 32. Ne4 $1 $16 Kh8 {[#]} (32... Qa7 $16) 33. Rg1 $1 $18 Be8 $2 (33... Qa7 34. fxg7+ Bxg7 35. Rxg7 (35. Qg3 Bb5 $11) 35... Kxg7) 34. fxg7+ Bxg7 35. Rxg7 {Rh7+! would kill now.} Kxg7 36. Rg2+ (36. Qd4+ $142 e5 37. Qxe5+ Kf8 38. Rf2+ Kg8 39. Rg2+ Bg6 40. Rxg6+ Kf8 41. Qg7+ Ke8 42. Nf6+ Nxf6 43. Qe7#) 36... Kf8 37. Qg3 {[%csl Gg2][%cal Rg3g8]} Bf7 38. d7 {And now Qd6+ would win.} Qa6 {Now ...Qf1+ and Black clings on.} 39. Rf2 Qc6 40. Qd6+ $2 (40. Nd6 {[%csl Gd6][%cal Rf2f7]} Qxd7 41. Nxb4) 40... Qxd6 41. Nxd6 Ke7 42. Nxf7 Kxd7 43. Ne5+ (43. Nxh6 Rh8 $18) 43... Kd6 44. Nd3 Ra5 45. Kb2 (45. Naxb4 Nxb4 46. Nxb4 Rb5 $18) 45... Rb5 46. Rf8 Ne3 47. Rf3 Nd5 48. Kc2 e5 {intending ...e4.} 49. Rg3 e4 50. Rg6+ Ke7 51. Ne5 ({But not} 51. Rxh6 $6 exd3+ 52. Kxd3 Ra5 $16) 51... Ne3+ 52. Kd2 Rxe5 (52... Nf1+ $16 53. Ke2 Rxe5 54. Kxf1 Rf5+ 55. Ke2 Rxh5) 53. Kxe3 Rxh5 $16 {[%mdl 4096] Endgame KRN-KR} 54. Rg3 ({Resist} 54. Nxb4 $6 Rh3+ 55. Ke2 (55. Kxe4 Rh4+ 56. Kd3 Rxb4 $11) 55... Kf7 $16) 54... Ke6 (54... Kf6 {is a better defense.} 55. Kxe4 Rh4+ 56. Ke3 Kf5 57. Rf3+ Kg5) 55. Kxe4 $18 Rh4+ 56. Ke3 Ke5 57. Nc1 Re4+ 58. Kd2 Kf5 59. Rh3 Kg5 60. Ne2 Rg4 $2 (60... Re5 61. Rd3 h5) 61. Rg3 h5 62. Rd3 $2 (62. Rxg4+ Kxg4 63. Ke3) 62... h4 $2 (62... Rh4 63. Rd5+ Kf6) 63. Ke1 {White is clearly winning.} Kf5 64. Kf2 Re4 65. Kf3 {Precision: White = 57%, Black = 37%.} 1-0

[Event "Condigne Dutch Open 2018"]
[Site "Dieren"]
[Date "2018.07.24"]
[Round "1"]
[White "Ivanisevic, Ivan"]
[Black "Beukema, Jasper"]
[Result "1-0"]
[WhiteElo "2567"]
[BlackElo "2299"]
[Annotator "TA"]
[PlyCount "55"]
[EventDate "2018.07.24"]
[EventType "swiss"]
[EventCountry "NED"]
[SourceTitle "playchess.com"]
[Source "ChessBase"]
[SourceQuality "1"]

{[%evp 23,54,26,25,27,90,88,88,87,97,90,98,46,97,96,94,75,72,52,87,58,108,84,172,179,579,587,600,596,963,821,29998,29999,29999]} 1. d4 d5 2. c4 e6 3. Nf3 Nf6 4. e3 Nbd7 5. b3 b6 6. Bd3 Bb7 7. O-O Be7 8. Bb2 O-O 9. Nc3 {[%cal Bb1c3,Bc3e2,Be2f4][%mdl 32]} Ne4 10. Qc2 f5 {E14: Queen's Indian: Classical Variation (4 e3)} 11. cxd5 exd5 12. Ne2 (12. Rac1 c6 13. Ne2 Rc8 14. Ne5 c5 15. Qd1 Nxe5 16. dxe5 Rc6 17. Nf4 Rh6 18. f3 Ng5 {1-0 (26) Cori Tello,J (2596)-Terry Lujan,R (2465) Lima 2016}) 12... Bd6 {LiveBook: 3 Games. White has an edge.} 13. Ne5 Bxe5 (13... c5 $11 {remains equal.}) 14. dxe5 $16 Ndc5 $146 15. Nf4 Nxd3 16. Qxd3 Qe8 17. e6 (17. b4 $16) 17... Rd8 (17... c5 $14) 18. Qd4 {[%csl Gb2][%cal Rd4g7] [#]} Rf6 19. Qe5 Qe7 20. Rfd1 c6 21. Rac1 Rc8 22. h4 {[%cal Bh2h4,Bh4h5][%mdl 32]} Rh6 (22... Nc5 $16) 23. Rxd5 $18 {[#] Rd7 is the strong threat.} ({Don't take} 23. Qxf5 $6 Rf8 $14) 23... Rc7 $2 (23... cxd5 $2 {is the wrong capture.} 24. Rxc8+ Bxc8 25. Nxd5 $18) (23... Rxe6 {is tougher.} 24. Nxe6 cxd5) 24. h5 Nf6 25. Rd2 Ng4 26. Qd6 {White threatens Qxe7 and mate.} Qh4 27. Qd8+ Qxd8 28. Rxd8# {Precision: White = 58%, Black = 20%.} 1-0

[Event "Condigne Dutch Open 2018"]
[Site "Dieren"]
[Date "2018.07.24"]
[Round "1"]
[White "Ikonnikov, Vyacheslav"]
[Black "Ojas Kulkarni"]
[Result "1-0"]
[WhiteElo "2536"]
[BlackElo "2226"]
[Annotator "ChessBase"]
[PlyCount "65"]
[EventDate "2018.07.24"]
[EventType "swiss"]
[EventCountry "NED"]
[SourceTitle "playchess.com"]
[Source "ChessBase"]
[SourceQuality "1"]
[TimeControl "40/5400+30:1800+30"]

1. d4 {[%emt 0:00:00]} Nf6 {[%emt 0:00:09]} 2. Nf3 {[%emt 0:00:00]} g6 {[%emt 0:00:11]} 3. c4 {[%emt 0:00:02]} Bg7 {[%emt 0:00:07]} 4. Nc3 {[%emt 0:00:15]} d5 {[%emt 0:00:10]} 5. Bg5 {[%emt 0:00:36]} Ne4 {[%emt 0:00:11]} 6. cxd5 {[%emt 0:00:12]} Nxg5 {[%emt 0:00:06]} 7. Nxg5 {[%emt 0:00:17]} e6 {[%emt 0:00:02]} 8. Qd2 {[%emt 0:02:12]} h6 {[%emt 0:00:07]} 9. Nf3 {[%emt 0:00:04]} exd5 {[%emt 0:00:05]} 10. e3 {[%emt 0:00:23]} a5 {[%emt 0:00:42]} 11. Bd3 {[%emt 0:02:57]} c6 {[%emt 0:02:49]} 12. O-O {[%emt 0:02:38]} O-O {[%emt 0:00:19]} 13. Ne5 {[%emt 0:00:34]} c5 {[%emt 0:18:14]} 14. f4 {[%emt 0:03:17]} Nc6 {[%emt 0:02:08]} 15. Qf2 {[%emt 0:00:39]} Be6 {[%emt 0:22:18]} 16. Rad1 {[%emt 0:04:13]} Rb8 {[%emt 0:04:35]} 17. Bb1 {[%emt 0:03:59]} cxd4 {[%emt 0:04:27]} 18. exd4 {[%emt 0:04:19]} Ne7 {[%emt 0:00:18]} 19. h3 {[%emt 0:02:29]} Bf5 {[%emt 0:19:39]} 20. Bxf5 {[%emt 0:02:00]} Nxf5 {[%emt 0:00:03]} 21. g4 {[%emt 0:00:24]} Nd6 {[%emt 0:00:09]} 22. Qg2 {[%emt 0:00:28]} Nc4 {[%emt 0:00:43]} 23. Nxd5 {[%emt 0:00:36]} Nxb2 {[%emt 0:01:00]} 24. Rd2 {[%emt 0:03:52]} Na4 {[%emt 0:00:29]} 25. f5 {[%emt 0:00:16]} Nb6 {[%emt 0:00:31]} 26. Nxb6 {[%emt 0:14:46]} Bxe5 {[%emt 0:00:05]} 27. Nd5 {[%emt 0:00:04]} Bd6 {[%emt 0:01:07]} 28. fxg6 {[%emt 0:04:56]} fxg6 {[%emt 0:00:02]} 29. Qe4 {[%emt 0:00:10]} Kg7 {[%emt 0:11:20]} 30. Qe6 {[%emt 0:11:54]} Bb4 {[%emt 0:06:16]} 31. Qe5+ {[%emt 0:07:10]} Kg8 {[%emt 0:00:38]} 32. Nf6+ {[%emt 0:05:30]} Rxf6 {[%emt 0:00:11]} 33. Rxf6 {[%emt 0:00:04]} 1-0

[Event "Condigne Dutch Open 2018"]
[Site "Dieren"]
[Date "2018.07.24"]
[Round "1"]
[White "Lobanov, Sergei"]
[Black "Van Dael, Siem"]
[Result "1-0"]
[WhiteElo "2521"]
[BlackElo "2212"]
[Annotator "TA"]
[PlyCount "97"]
[EventDate "2018.07.24"]
[EventType "swiss"]
[EventCountry "NED"]
[SourceTitle "playchess.com"]
[Source "ChessBase"]
[SourceQuality "1"]

{[%evp 30,97,29,35,22,0,55,0,20,19,28,0,0,0,0,0,0,0,0,0,0,0,0,7,122,71,57,44,35,0,0,0,0,0,12,0,0,0,0,0,0,0,0,0,82,0,0,0,0,0,56,22,75,75,77,50,190,153,261,8,372,340,650,595,1117,941,1527,1547,1185,992]} 1. e4 c5 2. Nf3 d6 3. d4 cxd4 4. Nxd4 Nf6 5. Nc3 g6 6. Be3 Bg7 7. f3 O-O 8. Qd2 Nc6 9. O-O-O d5 10. Kb1 Nxd4 11. e5 Nxf3 12. gxf3 {B76: Sicilian Dragon: Yugoslav Attack, 9 g4 and 9 0-0-0} Nh5 13. Nxd5 Be6 14. f4 Qxd5 15. Qxd5 Bxd5 16. Rxd5 {LiveBook: 4 Games} Bh6 17. Bc4 (17. Be2 Bxf4 18. Bc5 e6 19. Rd7 Rfd8 20. Rxb7 Bxe5 21. Bxh5 gxh5 {1-0 (38) Liewer,M (2446)-Schilling,F (2455) Remote email 2012}) 17... e6 ({But not} 17... Nxf4 $6 18. Rd7 $16) (17... Bxf4 $11 18. Bxf4 Nxf4) 18. Rd7 $146 ({Better is} 18. Rd4 $14) ({Predecessor:} 18. Rd4 Rad8 19. Rhd1 Rxd4 20. Rxd4 {1-0 (35) Blokhuis,J (2180)-Willemze,J (2270) Groningen 1997}) 18... Rfd8 19. Rxb7 Bxf4 20. Bxf4 Nxf4 21. a4 Rd4 22. b3 a5 23. Kb2 g5 24. Re1 Rd2 25. Rg1 Nh3 26. Rf1 Rf2 (26... Nf4 $11 {remains equal.}) 27. Rxf2 (27. b4 $142 $1) 27... Nxf2 $16 {[%mdl 4096] Endgame KRB-KRN} 28. Be2 {Hoping for Bh5.} g4 $1 29. Kc1 h5 $1 30. Kd2 Ne4+ 31. Ke3 Nc3 32. Bc4 Rc8 33. Ra7 Nxa4 34. Rxa5 Nb6 35. Bd3 Nd5+ 36. Kd2 h4 {[#]} (36... Kg7 $11) 37. c4 (37. Ra4 $1 $16) 37... Nf4 $11 {aiming for ...Rd8.} 38. Be4 Kg7 $1 39. Ke3 Nh5 (39... Ng6 $11) 40. c5 {Strongly threatening b4.} f5 (40... Rb8 $11 {keeps the balance.}) 41. exf6+ $1 $16 Nxf6 42. b4 {Black must now prevent Ra7+.} (42. Bb7 $5 {[%cal Rb7c8]} Rc7 43. Bh1 $16) 42... g3 (42... Nxe4 $14 43. Kxe4 Kf6) 43. hxg3 $18 hxg3 {[#]} (43... h3 $16) 44. Bg2 $2 (44. Ra7+ $1 $18 Kh6 45. Ra8) 44... Ng4+ $2 {[%mdl 8192]} (44... Nd5+ $1 $11 {and Black stays safe.} 45. Bxd5 exd5) 45. Kf4 Nf2 $2 (45... Nf6 46. Kxg3 Ne8) 46. Ra3 {White is clearly winning.} Rb8 47. Kxg3 Nd1 48. Rb3 Kf6 49. Kf3 {Precision: White = 54%, Black = 40%.} 1-0

[Event "Condigne Dutch Open 2018"]
[Site "Dieren"]
[Date "2018.07.24"]
[Round "1"]
[White "Hausrath, Daniel"]
[Black "De Jong, Tom"]
[Result "1-0"]
[WhiteElo "2495"]
[BlackElo "2201"]
[Annotator "TA"]
[PlyCount "73"]
[EventDate "2018.07.24"]
[EventType "swiss"]
[EventCountry "NED"]
[SourceTitle "playchess.com"]
[Source "ChessBase"]
[SourceQuality "1"]

{[%evp 23,73,59,62,41,43,50,60,46,104,88,91,105,101,72,77,71,60,45,65,47,135,51,37,37,39,44,56,45,80,36,112,29,29,39,72,44,59,45,173,214,1175,402,350,427,823,748,2574,2137,12842,12843,12843,12843]} 1. Nf3 Nf6 2. g3 g6 3. b3 Bg7 4. Bb2 O-O 5. Bg2 d6 6. d4 e5 7. dxe5 Ng4 8. h3 Nxe5 9. Nxe5 dxe5 10. Qxd8 Rxd8 11. Nd2 Nc6 {A49: 1 d4 Nf6 2 Nf3 g6 3 g3: Anti-King's Indian systems} 12. O-O-O Be6 {LiveBook: 6 Games} 13. e3 $146 ({Predecessor:} 13. Ne4 Rxd1+ 14. Rxd1 Rd8 15. Nc5 Bc8 16. Bxc6 Rxd1+ 17. Kxd1 bxc6 18. g4 f6 19. e4 {1-0 (36) Flores,D (2574)-Sanhueza,C (2263) Villa Martelli 2017}) 13... f5 {White is slightly better.} 14. Bxc6 bxc6 15. c4 f4 (15... e4 $14) 16. exf4 $16 exf4 17. Bxg7 Kxg7 18. Rde1 Re8 19. gxf4 Bf5 20. Re3 Rad8 21. h4 Rf8 (21... Rxe3 $14 22. fxe3 Rd3) 22. Re7+ (22. Nf3 $16) 22... Rf7 $14 23. Rxf7+ Kxf7 {[%mdl 4096] Endgame KRB-KRN} 24. Nf3 Kf6 25. Re1 c5 26. Re3 Bg4 (26... h5 $14) 27. Ne5 (27. Ng5 $16) 27... h5 28. Rd3 Rd4 29. Rxd4 cxd4 $16 {KB-KN} 30. Kd2 Kf5 (30... Bh3 $1 $14) 31. Kd3 $18 c5 $2 {[#]} (31... Kxf4 32. Nxg6+ (32. Kxd4 Bf5 $11) 32... Kf3 33. Kxd4 Kxf2) 32. b4 $1 {[%mdl 512]} Bh3 (32... cxb4 33. Nxg4) 33. bxc5 {[%cal Bb4c5,Bc5c6,Bc6c7][%mdl 32]} Kxf4 (33... g5 $142 34. hxg5 Kxf4 35. Kxd4 Kxg5) 34. Nxg6+ Kf3 35. Kxd4 Kxf2 36. c6 Kg3 37. c7 {Precision: White = 51%, Black = 22%.} 1-0

[Event "Condigne Dutch Open 2018"]
[Site "Dieren"]
[Date "2018.07.24"]
[Round "1"]
[White "Van Foreest, Lucas"]
[Black "Plasman, Hans"]
[Result "1-0"]
[WhiteElo "2488"]
[BlackElo "2193"]
[Annotator "TA"]
[PlyCount "83"]
[EventDate "2018.07.24"]
[EventType "swiss"]
[EventCountry "NED"]
[SourceTitle "playchess.com"]
[Source "ChessBase"]
[SourceQuality "1"]

{[%evp 12,83,45,35,44,48,97,76,73,66,70,45,60,52,55,51,47,37,89,41,45,21,25,27,31,20,26,29,94,81,110,114,185,167,183,172,195,179,237,221,231,212,214,174,173,180,172,174,175,168,183,180,177,169,221,210,215,222,259,253,283,273,268,276,277,275,325,312,299,308,377,339,418,428]} 1. e4 c5 2. Nf3 Nc6 3. Bb5 e6 4. O-O Nge7 5. Re1 a6 6. Bf1 Ng6 7. c3 {LiveBook: 86 Games. B30: Sicilian: 2...Nc6 3 Bb5, lines without ...g6} d6 (7... Be7 8. d4 cxd4 9. cxd4 d5 10. e5 O-O 11. Nc3 Nh4 12. Nxh4 Bxh4 13. Be3 Bd7 14. Rc1 b5 15. Ne2 f5 16. exf6 Qxf6 17. g3 Bg5 18. Bxg5 Qxg5 {½-½ (31) Ni,H (2646)-Wang,H (2737) China 2013}) 8. d4 e5 9. dxc5 {White is better.} (9. d5 {is more complex.} Nb8 10. Nbd2 Be7 11. a4 f5 12. Nc4) 9... dxc5 10. Qxd8+ $146 ({Predecessor:} 10. Nbd2 Be7 11. Qc2 b5 12. a4 Rb8 13. axb5 axb5 14. g3 O-O {1-0 (90) Pelikian,J (2385)-Valens,V (2190) Groningen 1997}) 10... Nxd8 11. Nbd2 b5 12. a4 Rb8 13. axb5 axb5 14. Rd1 Nc6 (14... Be7 $14) 15. g3 Be7 16. Ne1 {[%cal Bf3e1,Be1c2,Bc2e3,Be3d5][%mdl 32]} O-O 17. Nc2 Rd8 18. Ne3 c4 19. Nd5 Kf8 (19... Bg4 $11 20. Re1 Bd6) 20. Be2 $16 Bc5 21. b3 cxb3 (21... b4 $16) 22. Nxb3 $18 Bd6 23. Be3 {[%cal Bc1e3,Be3b6,Bb6c5,Bc5d6][%mdl 32]} Nge7 24. Bb6 Rd7 (24... Re8 $142 25. Bc7 Bxc7) 25. Nc5 ({Don't do} 25. Bxb5 $6 Nxd5 26. exd5 Rxb6) 25... Bxc5 26. Bxc5 Ke8 27. Nxe7 Rxd1+ 28. Rxd1 Nxe7 29. Bd6 Rb7 30. Bxe5 f6 31. Bd6 Bd7 32. f3 Bc6 (32... Nc8 $142 33. Bc5 Nb6) 33. Kf2 Ra7 34. Ke3 Ra4 35. Bb4 Ra2 36. Rd6 {[#] And now Re6 would win.} Bd7 37. Rb6 Nc8 38. Rb7 Kd8 39. Bxb5 Bxb5 40. Rxb5 Rxh2 41. Rb7 g6 42. Rf7 {Precision: White = 55%, Black = 41%.} 1-0

[Event "Condigne Dutch Open 2018"]
[Site "Dieren"]
[Date "2018.07.24"]
[Round "1"]
[White "Leenhouts, Koen"]
[Black "Verhoef, Pieter"]
[Result "1-0"]
[WhiteElo "2483"]
[BlackElo "2183"]
[Annotator "TA"]
[PlyCount "87"]
[EventDate "2018.07.24"]
[EventType "swiss"]
[EventCountry "NED"]
[SourceTitle "playchess.com"]
[Source "ChessBase"]
[SourceQuality "1"]

{[%evp 25,87,35,38,38,48,46,63,26,58,29,40,33,93,46,77,55,77,31,38,5,27,18,268,252,344,359,400,400,374,397,399,402,395,396,455,454,452,446,549,518,527,525,450,366,473,452,473,458,445,436,885,890,890,875,866,854,888,913,1017,943,1364,1283,1321,1302]} 1. d4 Nf6 2. c4 e6 3. Nc3 Bb4 4. Qc2 Nc6 5. Nf3 d6 6. Bd2 O-O 7. a3 Bxc3 8. Bxc3 Qe7 9. e3 a5 10. b3 {E33: Nimzoindisch (4.Dc2)} (10. Be2 e5 11. dxe5 dxe5 12. h3 Rd8 13. O-O e4 14. Nd4 Nxd4 15. Bxd4 c5 16. Bc3 a4 17. f4 Bd7 {1-0 (41) Wojtaszek,R (2736)-Nisipeanu,L (2683) Dortmund 2017 CBM 180 [Krasenkow,M]}) 10... e5 11. d5 Nb8 12. Nd2 c6 13. dxc6 bxc6 {LiveBook: 3 Partien} 14. Be2 Nbd7 15. O-O Bb7 $146 ({Vorgänger:} 15... e4 16. a4 Nc5 17. Rfb1 Bf5 {1-0 (50) Michos,D (1532)-Molano,I (1300) LSS email 2009}) 16. Rfd1 Rfd8 17. Nf1 {[%cal Bd2f1,Bf1g3,Bg3f5][%mdl 32]} Nf8 18. Ng3 Ng6 (18... g6 $14) 19. Nf5 Qc7 20. Be1 Bc8 21. Rac1 Be6 22. g4 Ne7 23. f3 $36 {[%mdl 2048] Weiss hat gut koordiniertes Spiel.} Rab8 $2 {[#]} (23... Qa7 $11 {und Schwarz ist OK.}) 24. Bxa5 $1 $18 {[%mdl 512]} Qxa5 25. Nxe7+ Kf8 26. Nxc6 Qc5 27. Nxb8 ({Finger weg von} 27. Nxd8 Qxe3+ 28. Kg2 Rxd8 $18) 27... Qxe3+ 28. Kg2 Rxb8 29. Qd3 Qb6 30. b4 {[%cal Bb3b4,Bb4b5][%mdl 32]} d5 31. c5 {[%cal Bc4c5,Bc5c6][%mdl 32]} Qd8 32. c6 {[#] Und weiter mit c7 wäre nett.} Qc7 33. b5 d4 34. Rc5 Nd5 35. Rxd5 {Weiß steht klar auf Gewinn.} Bxd5 36. Qxh7 g6 37. Bd3 e4 (37... Qd6 $142 38. a4 Qf6) 38. Qh8+ Ke7 39. Qh4+ Kf8 40. fxe4 Be6 41. a4 {[%cal Ba3a4,Ba4a5][%mdl 32]} Kg8 42. Qg3 Qc8 43. a5 Bxg4 44. Rc1 {Precision: Weiß = 62%, Schwarz = 27%.} 1-0

[Event "Condigne Dutch Open 2018"]
[Site "Dieren"]
[Date "2018.07.24"]
[Round "1"]
[White "Lai, Hing Ting"]
[Black "Sparenberg, Erik"]
[Result "1-0"]
[WhiteElo "2447"]
[BlackElo "2173"]
[Annotator "NA"]
[PlyCount "79"]
[EventDate "2018.07.24"]
[EventType "swiss"]
[EventCountry "NED"]
[SourceTitle "playchess.com"]
[Source "ChessBase"]
[SourceQuality "1"]
[TimeControl "40/5400+30:1800+30"]

1. c4 {[%emt 0:02:03]} Nf6 {[%emt 0:00:08]} 2. Nf3 {[%emt 0:01:02]} e6 {[%emt 0:00:19]} 3. d4 {[%emt 0:00:07]} d5 {[%emt 0:00:07]} 4. g3 {[%emt 0:00:05]} Be7 {[%emt 0:02:39]} 5. Bg2 {[%emt 0:00:16]} O-O {[%emt 0:00:08]} 6. O-O {[%emt 0:00:07]} c6 {[%emt 0:00:37]} 7. Qc2 {[%emt 0:00:27]} b6 {[%emt 0:03:46]} 8. b3 {[%emt 0:02:22]} Bb7 {[%emt 0:03:50]} 9. Nc3 {[%emt 0:01:50]} Nbd7 {[%emt 0:02:25]} 10. Rd1 {[%emt 0:03:45]} Rc8 {[%emt 0:17:03]} 11. e4 {[%emt 0:04:48]} Nxe4 {[%emt 0:01:03]} 12. Nxe4 {[%emt 0:00:17]} dxe4 {[%emt 0:00:06]} 13. Qxe4 {[%emt 0:00:22]} Qc7 {[%emt 0:05:51]} 14. Bf4 {[%emt 0:03:54]} Bd6 {[%emt 0:02:01]} 15. Bxd6 {[%emt 0:00:21]} Qxd6 {[%emt 0:00:04]} 16. c5 {[%emt 0:00:20]} Qe7 {[%emt 0:07:54]} 17. b4 {[%emt 0:02:06]} Ba6 {[%emt 0:10:57]} 18. Qc2 {[%emt 0:02:27]} Qf6 {[%emt 0:09:02]} 19. Qc3 {[%emt 0:10:52]} Be2 {[%emt 0:04:31]} 20. Ne5 {[%emt 0:00:15]} Nb8 {[%emt 0:09:33]} 21. Rd2 {[%emt 0:00:50]} Bh5 {[%emt 0:01:48]} 22. a4 {[%emt 0:03:38]} Qe7 {[%emt 0:06:20]} 23. cxb6 {[%emt 0:01:56]} axb6 {[%emt 0:00:02]} 24. a5 {[%emt 0:03:47]} bxa5 {[%emt 0:04:12]} 25. bxa5 {[%emt 0:01:29]} c5 {[%emt 0:01:37]} 26. a6 {[%emt 0:02:36]} cxd4 {[%emt 0:02:04]} 27. Qxd4 {[%emt 0:00:15]} Nxa6 {[%emt 0:03:29]} 28. Rxa6 {[%emt 0:00:15]} Rc1+ {[%emt 0:00:44]} 29. Bf1 {[%emt 0:00:01]} Rxf1+ {[%emt 0:00:16]} 30. Kxf1 {[%emt 0:00:19]} Qb7 {[%emt 0:00:02]} 31. Rc6 {[%emt 0:00:36]} f6 {[%emt 0:01:14]} 32. Qb6 {[%emt 0:04:07]} Qa8 {[%emt 0:01:13]} 33. Nd3 {[%emt 0:03:42]} Rd8 {[%emt 0:01:16]} 34. Ra2 {[%emt 0:01:24]} Qxa2 {[%emt 0:00:38]} 35. Qxd8+ {[%emt 0:00:09]} Kf7 {[%emt 0:00:01]} 36. Qd7+ {[%emt 0:01:08]} Kg6 {[%emt 0:00:06]} 37. Nf4+ {[%emt 0:00:33]} Kh6 {[%emt 0:00:06]} 38. Kg2 {[%emt 0:02:12]} Qb1 {[%emt 0:01:21]} 39. Qxe6 {[%emt 0:01:30]} Qd1 {[%emt 0:00:49]} 40. Qe3 {[%emt 0:00:39]} 1-0

[Event "Condigne Dutch Open 2018"]
[Site "Dieren"]
[Date "2018.07.24"]
[Round "1"]
[White "Himanshu, Sharma"]
[Black "Evengroen, Henk-Jan"]
[Result "1-0"]
[WhiteElo "2420"]
[BlackElo "2160"]
[Annotator "TA"]
[PlyCount "47"]
[EventDate "2018.07.24"]
[EventType "swiss"]
[EventCountry "NED"]
[SourceTitle "playchess.com"]
[Source "ChessBase"]
[SourceQuality "1"]

{[%evp 16,47,26,8,33,31,30,0,8,19,49,43,45,39,163,156,153,0,25,23,22,-40,19,27,300,305,427,401,618,613,966,950,2952,2554]} 1. e4 e5 2. Nf3 Nc6 3. Bb5 a6 4. Bxc6 dxc6 5. O-O Bd6 6. d4 exd4 7. Qxd4 f6 8. Be3 Ne7 {C68: Ruy Lopez: Exchange Variation, sidelines} 9. Nbd2 {[%cal Bb1d2,Bd2c4,Bc4a5][%mdl 32] LiveBook: 170 Games} O-O (9... Be6 10. Qc3 Qd7 11. Rfd1 Ng6 12. Nd4 O-O-O 13. N2b3 Bxb3 14. Qxb3 Bf4 15. Rd2 Bxe3 16. Qxe3 c5 17. Nb3 Qb5 18. Qxc5 Qxc5 19. Rxd8+ Rxd8 20. Nxc5 {½-½ (66) Kovalenko,I (2657)-Matlakov,M (2714) Minsk 2017}) 10. Nc4 b5 {White is slightly better.} 11. Na5 $146 ({Predecessor:} 11. Nxd6 Qxd6 12. Qxd6 cxd6 13. Bf4 d5 14. exd5 Nxd5 15. Bg3 Re8 16. Rae1 {1-0 (25) Dang,T (1492)-Le,M (1576) Ho Chi Minh City 2014}) 11... Qe8 12. Qc3 Bg4 {[#] White must now prevent ...Qh5.} 13. Nd2 $1 f5 14. f3 $36 {[%mdl 2048] White has good play.} Qh5 (14... Bh5 $1 $14) 15. e5 $18 Nd5 16. Qxc6 ({Inferior is} 16. fxg4 fxg4 17. Rxf8+ Rxf8 $11) ({White should try} 16. Qd4 $16 Qe8 17. exd6 Qxe3+ 18. Qxe3 Nxe3 19. fxg4 (19. dxc7 Nxf1 20. Nxf1 Bh5 $11)) 16... Nxe3 $11 17. exd6 Bh3 18. Rf2 (18. d7 $11 Nxg2 19. Kh1) 18... Bxg2 ({Better is} 18... Nxg2 $1 $15 19. Rxg2 Bxg2 20. Qd5+ Kh8 21. Kxg2 Rae8) 19. d7 {[#] aiming for Qe6+.} f4 $2 {[%mdl 8192]} (19... Qg5 $11 {and Black stays safe.} 20. h4 Qe7) 20. Rxg2 $18 Nxg2 21. Kxg2 Qe5 (21... Rab8 $142 22. Nb7 (22. Qxc7 Qg5+ 23. Kh1 Qd8 $18) 22... Qf5) 22. Ne4 {White is clearly winning.} Rab8 23. Rd1 Rb6 24. d8=Q {Precision: White = 76%, Black = 13%.} 1-0